00422 a2200133 4500001000900000005001700009008004100026245006600067100002000133700002100153700002100174700002300195773007000218ART_679320260410161553.0260409a 10aCriterios para el reflejo contable del deterioro de la tierra1 aSimaro, Gustavo1 aSimaro, Jorge D.1 aTonelli, Omar E.1 aTorchelli, Valeria0 tProfesional & Empresariag- Año VIII, Nº 85 (oct. 2006)wREV70